[Event "SLO-chT Central 23rd"]
[Site "Slovenia"]
[Date "2022.11.10"]
[Round "8.4"]
[White "Kamensek, Ivan"]
[Black "Glavac, Leo"]
[Result "1/2-1/2"]
[WhiteElo "1729"]
[BlackElo "1298"]
[PlyCount "109"]
[EventDate "2022.09.15"]
[EventType "team-swiss"]
[EventRounds "9"]
[EventCountry "SLO"]
[SourceTitle "EXT 2024"]
[Source "ChessBase"]
[SourceDate "2023.10.10"]
[SourceVersion "1"]
[SourceVersionDate "2023.10.10"]
[SourceQuality "1"]
[WhiteTeam "Visnja Gora Sticna"]
[BlackTeam "Ljubljana SK"]
[WhiteTeamCountry "SLO"]
[BlackTeamCountry "SLO"]

1. d4 d5 2. c4 c6 3. Nc3 e6 4. Nf3 Nf6 5. Bg5 Be7 6. e3 0-0 7. Bd3 b6 8. 0-0 Ba6 9. cxd5 Bxd3 10. Qxd3 cxd5 11. Rac1 Nc6 12. a3 a6 13. Rc2 Na5 14. Nd2 Qd7 15. b4 Nb7 16. Rfc1 b5 17. Nb3 Nd6 18. Na5 Nc4 19. Nxc4 bxc4 20. Qe2 a5 21. Bxf6 gxf6 22. Rb1 Rfb8 23. Rcb2 axb4 24. axb4 f5 25. b5 Rb7 26. Qc2 Rab8 27. Ra2 Bg5 28. f4 Bh6 29. Rba1 e5 30. g3 exd4 31. exd4 Bg7 32. Qf2 Bf8 33. Qf3 Bg7 34. Rd1 Rd8 35. Ra6 Kh8 36. Qf2 Ra7 37. Qa2 Rxa6 38. bxa6 Qa7 39. Nb5 Qb6 40. a7 Ra8 41. Qa4 h6 42. Kf2 Kh7 43. Rd2 c3 44. Rc2 Bxd4+ 45. Qxd4 Qxb5 46. Rxc3 Qb2+ 47. Kf3 Qxh2 48. Rc7 Qh5+ 49. Kf2 Re8 50. Qd3 Qh2+ 51. Kf3 Qh1+ 52. Kf2 Qe1+ 53. Kf3 Kg8 54. Rb7 Qh1+ 55. Kf2 1/2-1/2

[Event "Ljubljana-chT 74th"]
[Site "Ljubljana"]
[Date "2022.03.17"]
[Round "9.3"]
[White "Glavac, Leo"]
[Black "Jemec, Viktor"]
[Result "1/2-1/2"]
[WhiteElo "1111"]
[BlackElo "1606"]
[PlyCount "96"]
[EventDate "2022.01.13"]
[EventType "team-swiss"]
[EventRounds "9"]
[EventCountry "SLO"]
[SourceTitle "EXT 2024"]
[Source "ChessBase"]
[SourceDate "2023.10.10"]
[SourceVersion "1"]
[SourceVersionDate "2023.10.10"]
[SourceQuality "1"]
[WhiteTeam "Ljubljana SK"]
[BlackTeam "Crni Graben"]
[WhiteTeamCountry "SLO"]
[BlackTeamCountry "SLO"]

1. e4 e5 2. Nf3 Nc6 3. Bb5 Nf6 4. 0-0 Nxe4 5. d4 Nd6 6. Bxc6 bxc6 7. Nxe5 Be7 8. Re1 0-0 9. Qg4 f5 10. Qh5 Ne4 11. Bf4 Bb7 12. Nd2 Nxd2 13. Bxd2 d6 14. Nd3 Qe8 15. Qh3 Qf7 16. Re2 Rab8 17. Rae1 Bf6 18. c3 Qd7 19. b4 Ba6 20. Bg5 Qf7 21. Bxf6 Qxf6 22. Re7 Rf7 23. R7e6 Qg5 24. Qf3 Bc4 25. R6e3 Bd5 26. Qg3 Qf6 27. Nf4 Bc4 28. Qf3 Rb6 29. Qh5 g6 30. Qh6 Rb8 31. Nh3 f4 32. Rf3 Re7 33. Rd1 Rbe8 34. Kh1 Re1+ 35. Rxe1 Rxe1+ 36. Ng1 Qf5 37. h3 g5 38. h4 Bd5 39. Kh2 Bxf3 40. Nxf3 Re2 41. Nxg5 Rxf2 42. Qh5 Qg6 43. Qg4 h6 44. Qc8+ Kg7 45. Qd7+ Kg8 46. Qd8+ Kg7 47. Qe7+ Kg8 48. Qd8+ Kg7 1/2-1/2